| 000 | 00550nam a22001457a 4500 | ||
|---|---|---|---|
| 003 | 0 | ||
| 005 | 20160609172139.0 | ||
| 008 | 130812t xxu||||| |||| 00| 0 eng d | ||
| 040 |
_aBUAC _bFr _cBEPAC |
||
| 100 |
_aAVODE, Auguste _926038 |
||
| 245 |
_aEffets de différents types de fumures sur la dynamique de croissance et la production de Biomasse feuille de Artemisia annua L. sur sol ferralitique d’Abomey-calavi au Bénin _cAVODE, Auguste |
||
| 260 |
_aAbomey-Calavi _bEcole Polytechnique d’Abomey-Calavi _c2007 |
||
| 300 | _a42p. | ||
| 942 | _cTHE | ||
| 999 |
_c52315 _d52315 |
||